| 000 | 00657nam a22002297a 4500 | ||
|---|---|---|---|
| 005 | 20170124110236.0 | ||
| 010 | _a177671 | ||
| 020 | _c00.00 | ||
| 035 | _a177671 | ||
| 037 | _bCen Lib/Ret | ||
| 040 |
_aDPL _bEN |
||
| 082 |
_a709.52 _bYUK |
||
| 100 |
_aYukio Yashiro _942056 |
||
| 245 |
_a2000 years of japanese art / _cby Yukio Yashiro; edited by Peter C. Swann |
||
| 260 |
_aLondon _bThames and Hudson _c1958 |
||
| 270 | _bLondon | ||
| 300 |
_a268p.: _c27cm(Hb) _bill. |
||
| 650 |
_aFine arts _942057 |
||
| 650 |
_aPaintings _zJapan _xHistory _942058 |
||
| 700 |
_aSwann, Peter C. _942059 |
||
| 942 |
_2ddc _cEN _h709.52 _mYUK |
||
| 999 |
_c134882 _d134882 |
||